<?xml version="1.0" encoding="UTF-8"?>
<record
    xmlns:xsi="http://www.w3.org/2001/XMLSchema-instance"
    xsi:schemaLocation="http://www.loc.gov/MARC21/slim http://www.loc.gov/standards/marcxml/schema/MARC21slim.xsd"
    xmlns="http://www.loc.gov/MARC21/slim">

  <leader>01379nam a22002177a 4500</leader>
  <controlfield tag="003">BDDh-ASL</controlfield>
  <controlfield tag="005">20231015031229.0</controlfield>
  <controlfield tag="008">230317s2015    bg ||||| |||| 00| 0 b   d</controlfield>
  <datafield tag="040" ind1=" " ind2=" ">
    <subfield code="a">BDDh-ASL</subfield>
    <subfield code="c">BDDh-ASL</subfield>
  </datafield>
  <datafield tag="041" ind1=" " ind2=" ">
    <subfield code="a">ben</subfield>
  </datafield>
  <datafield tag="082" ind1=" " ind2=" ">
    <subfield code="a">954</subfield>
    <subfield code="b">HOO</subfield>
  </datafield>
  <datafield tag="100" ind1="1" ind2=" ">
    <subfield code="a">&#x9B9;&#x9CB;&#x9B8;&#x9C7;&#x9A8;, &#x9AE;&#x9CB;&#x9B9;&#x9BE;. &#x99C;&#x9BE;&#x9B9;&#x9BE;&#x999;&#x9CD;&#x997;&#x9C0;&#x9B0; </subfield>
    <subfield code="c">&#x9A1;. </subfield>
    <subfield code="9">7542</subfield>
  </datafield>
  <datafield tag="245" ind1="1" ind2="0">
    <subfield code="a">&#x985;&#x9AC;&#x9BF;&#x9AD;&#x995;&#x9CD;&#x9A4; &#x9A8;&#x9A6;&#x9C0;&#x9AF;&#x9BC;&#x9BE; &#x99C;&#x9C7;&#x9B2;&#x9BE; : &#x987;&#x9A4;&#x9BF;&#x9B9;&#x9BE;&#x9B8;, &#x9B8;&#x9AE;&#x9BE;&#x99C; &#x993; &#x9B8;&#x982;&#x9B8;&#x9CD;&#x995;&#x9C3;&#x9A4;&#x9BF; (&#x9E7;&#x9ED;&#x9EE;&#x9EC;-&#x9E7;&#x9EF;&#x9EA;&#x9ED; &#x996;&#x9CD;&#x9B0;&#x9BF;.) ::</subfield>
    <subfield code="b">[&#x995;&#x9C1;&#x9B7;&#x9CD;&#x99F;&#x9BF;&#x9AF;&#x9BC;&#x9BE;, &#x99A;&#x9C1;&#x9AF;&#x9BC;&#x9BE;&#x9A1;&#x9BE;&#x999;&#x9CD;&#x997;&#x9BE;, &#x9AE;&#x9C7;&#x9B9;&#x9C7;&#x9B0;&#x9AA;&#x9C1;&#x9B0; &#x993; &#x9AA;&#x9B6;&#x9CD;&#x99A;&#x9BF;&#x9AE;&#x9AC;&#x999;&#x9CD;&#x997;&#x9C7;&#x9B0; &#x9A8;&#x9A6;&#x9C0;&#x9AF;&#x9BC;&#x9BE; &#x99C;&#x9C7;&#x9B2;&#x9BE;] /</subfield>
  </datafield>
  <datafield tag="246" ind1=" " ind2=" ">
    <subfield code="a">Obivokta Nadia Zila Itihas, Somaj O Songskriti (1786-1987 ) </subfield>
  </datafield>
  <datafield tag="260" ind1=" " ind2=" ">
    <subfield code="a">&#x9A2;&#x9BE;&#x995;&#x9BE; : </subfield>
    <subfield code="b">&#x997;&#x9A4;&#x9BF;&#x9A7;&#x9BE;&#x9B0;&#x9BE;, </subfield>
    <subfield code="c">2015. </subfield>
  </datafield>
  <datafield tag="300" ind1=" " ind2=" ">
    <subfield code="a">325 p. : </subfield>
    <subfield code="c">22 cm. </subfield>
  </datafield>
  <datafield tag="651" ind1=" " ind2="0">
    <subfield code="a">&#x995;&#x9C1;&#x9B7;&#x9CD;&#x99F;&#x9BF;&#x9AF;&#x9BC;&#x9BE; (Kushtia) Kustia</subfield>
    <subfield code="z">&#x9AC;&#x9BE;&#x982;&#x9B2;&#x9BE;&#x9A6;&#x9C7;&#x9B6; (Bangladesh)</subfield>
    <subfield code="9">7449</subfield>
  </datafield>
  <datafield tag="651" ind1=" " ind2="0">
    <subfield code="a">Chuadanga (&#x99A;&#x9C1;&#x9AF;&#x9BC;&#x9BE;&#x9A1;&#x9BE;&#x999;&#x9CD;&#x997;&#x9BE;) Cu&#x1E8F;&#x101;&#x1E0D;&#x101;&#x1E45;g&#x101;</subfield>
    <subfield code="z">Bangladesh (&#x9AC;&#x9BE;&#x982;&#x9B2;&#x9BE;&#x9A6;&#x9C7;&#x9B6;) </subfield>
    <subfield code="9">5530</subfield>
  </datafield>
  <datafield tag="651" ind1=" " ind2="0">
    <subfield code="a">Meherpur (&#x9AE;&#x9C7;&#x9B9;&#x9C7;&#x9B0;&#x9AA;&#x9C1;&#x9B0;) Mujibnagar, &#x9AE;&#x9C1;&#x99C;&#x9BF;&#x9AC;&#x9A8;&#x997;&#x9B0;, Mujibanagara, Baidyanathtala (Boiddonathtola) &#x9AC;&#x9C8;&#x9A6;&#x9CD;&#x9AF;&#x9A8;&#x9BE;&#x9A5;&#x9A4;&#x9B2;&#x9BE;, &#x9AD;&#x9AC;&#x9C7;&#x9B0; &#x9AA;&#x9BE;&#x9A1;&#x9BC;&#x9BE;, &#x986;&#x9AE;&#x9CD;&#x9B0;&#x995;&#x9BE;&#x9A8;&#x9A8;</subfield>
    <subfield code="z">Bangladesh (&#x9AC;&#x9BE;&#x982;&#x9B2;&#x9BE;&#x9A6;&#x9C7;&#x9B6;) </subfield>
    <subfield code="9">7478</subfield>
  </datafield>
  <datafield tag="942" ind1=" " ind2=" ">
    <subfield code="2">ddc</subfield>
    <subfield code="c">BK</subfield>
  </datafield>
  <datafield tag="952" ind1=" " ind2=" ">
    <subfield code="0">0</subfield>
    <subfield code="1">0</subfield>
    <subfield code="2">ddc</subfield>
    <subfield code="4">0</subfield>
    <subfield code="7">0</subfield>
    <subfield code="8">NFIC</subfield>
    <subfield code="a">ASL</subfield>
    <subfield code="b">ASL</subfield>
    <subfield code="c">GEN</subfield>
    <subfield code="d">2023-03-17</subfield>
    <subfield code="e">Amar Ekushey Book Fair 2022</subfield>
    <subfield code="l">0</subfield>
    <subfield code="o">954 HOO</subfield>
    <subfield code="p">119701</subfield>
    <subfield code="r">2023-03-17 00:00:00</subfield>
    <subfield code="t">C-1</subfield>
    <subfield code="w">2023-03-17</subfield>
    <subfield code="y">BK</subfield>
    <subfield code="z">Y-2015</subfield>
  </datafield>
  <datafield tag="999" ind1=" " ind2=" ">
    <subfield code="c">31092</subfield>
    <subfield code="d">31092</subfield>
  </datafield>
</record>
